ITTE : Historias Bribís

Zapisane w:
Opis bibliograficzny
1. autor: Jara, Carla Victoria
Format: Książka
Język:Undetermined
Wydane: San José, Costa Rica Universidad de Costa Rica 1993
Hasła przedmiotowe:
Etykiety: Dodaj etykietę
Nie ma etykietki, Dołącz pierwszą etykiete!

MARC

LEADER 00000nam a2200000Ia 4500
008 170316s9999 xx 000 0 und d
040 |a cru BVZT 
090 |a 899 J-2i 
100 |a Jara, Carla Victoria 
245 |a ITTE : Historias Bribís 
260 |a San José, Costa Rica 
260 |b Universidad de Costa Rica 
260 |c 1993 
300 |a 230 páginas 
650 |a LITERATURA INDÍGENA 
650 |a LENGUA BRIBRI 
650 |a TEXTOS 
999 |c 12191  |d 12191 
942 |c 15 D  |h 899 J-2i  |2 z